000 00317nam a22001457a 4500
008 230703b ||||| |||| 00| 0 eng d
020 _a9783540172645
041 _aeng
080 _a521
082 _a521KAR
100 _a19
101 _aASTRO
245 _aFUNDAMENTAL ASTRONOMY
_cKARTTUNEN.H
942 _2udc
_cBK
999 _c60075
_d60075